Statistiques concernant Rio de Janeiro - Culture générale

Cliquez ici pour prendre le quiz!

Statistiques générales

  • Ce quiz a été pris 278 fois
  • Le résultat moyen est 11 sur 15

Statistiques - réponses

InformationRéponse% Correct
Évenement costumé et festif au début d'annéeCarnaval
98%
Nom qui désigne les bidonvilles de RioFavelas
94%
Statue de 30 mètres de haut sur le CorcovadoChrist {Rédempteur}
93%
Une des deux plages les plus animéesCopacabana / Ipanema
91%
Couleur du ara dans le film d'animation RioBleu
88%
Danse typiquement brésilienne dansée durant cet évenementSamba
87%
Pays européen dont Rio fut la capitalePortugal
86%
Montagne célèbrePain de {Sucre}
83%
Footballer champion du monde, ballon d'or 1997 et 2002Ronaldo
79%
Stade mythique qui a notamment hébergé deux finales de coupes du mondeMaracanã
71%
Vainqueur de cette coupe du monde face au BrésilUruguay
63%
Traduction littérale du nom de la villeFleuve de {janvier}
51%
Année de la quatrième coupe du monde, qui se déroula dans ce stade1950
48%
Adjectif se rapportant à la ville ou aux habitants de RioCarioca
48%
Un des grands clubs de football de RioFlamengo / Fluminense / Botafogo
48%

Distribution des résultats

Percentile par nombre de réponses

% des personnes avec chaque résultat

Votre développement - résultats

Vous n’avez pas pris ce quiz